000
00313nam a22001457a 4500
003
OSt
005
20160727222358.0
008
160622b xxu||||| |||| 00| 0 eng d
040
_c
TEST
100
_9
608
_a
Eareckson, J
245
_a
Joni
260
_a
Michigan
_b
Zonderan
_c
1979
300
_a
Joni
942
_2
ddc
_c
BK
999
_c
496
_d
496